Public health microbiology : methods and protocols
Αποθηκεύτηκε σε:
| Άλλοι συγγραφείς: | , |
|---|---|
| Μορφή: | Βιβλίο |
| Γλώσσα: | English |
| Δημοσίευση: |
Totowa, N.J. :
Humana Press,
2004
|
| Σειρά: | Methods in molecular biology (Clifton, N.J.)
; 268 |
| Θέματα: | |
| Ετικέτες: |
Προσθήκη ετικέτας
Δεν υπάρχουν, Καταχωρήστε ετικέτα πρώτοι!
|
MARC
| LEADER | 00000nam a2200000 i 4500 | ||
|---|---|---|---|
| 001 | 1/81504 | ||
| 008 | 080410s2004 eng d | ||
| 020 | |a 1-58829-117-0 | ||
| 035 | |l 10096474 | ||
| 040 | |a GR-MY-UA |b gre |e aacr | ||
| 041 | 0 | |a eng | |
| 082 | 0 | |a 616.9041 |2 (22) | |
| 245 | 1 | 0 | |a Public health microbiology : |b methods and protocols / |c edited by John F.T. Spencer, Alicia L. Ragout de Spencer |
| 260 | |a Totowa, N.J. : |b Humana Press, |c 2004 | ||
| 300 | |a xvii, 548 σ.; |b εικ.; |c 24 εκ. | ||
| 490 | 1 | |a Methods in molecular biology |v ; 268 | |
| 504 | |a Περιέχει βιβλιογραφικές παραπομπές και ευρετήριο | ||
| 650 | 0 | 0 | |a Diagnostic microbiology. |
| 650 | 0 | 0 | |a Microbial ecology. |
| 700 | 1 | |a Spencer, J. F. T. |4 edt | |
| 700 | 1 | |a Ragout de Spencer, Alicia L. |4 edt | |
| 830 | 0 | |a Methods in molecular biology (Clifton, N.J.) |v ; 268 | |
| 852 | |a INST |b LESVOS |e 20080410 |h 616.9041 PUB |p 005100039560 |q 005100039560 |t BK |y 0 | ||
| 901 | |a BIBL1-2008-1 | ||
| 909 | |a Λ |b 143982 | ||
| 922 | |a 1ΕΛΗ |b 200801 |c ΕΠΕΑΕΚ2/ΤΕΘ |d ΠΑΠΑΣΩΤΗΡΙΟΥ | ||
| 970 | |a ΚΑΡΑ |b ΓΙΑΣΕΜΗ |z 2008/04/10 | ||